Score 0/110 Timer 12:00
0 Plays Today
% Correct
Torino
91.7%
Roma
91.7%
Milano
89.9%
Aosta
89%
Napoli
87.2%
Bari
86.2%
Venezia
85.3%
Bologna
85.3%
Trento
84.4%
Pisa
84.4%
Udine
83.5%
Palermo
83.5%
Genova
82.6%
Brescia
80.7%
Firenze
80.7%
Livorno
80.7%
L'Aquila
80.7%
Lecce
80.7%
Cagliari
80.7%
Bolzano
79.8%
Trieste
79.8%
Rimini
79.8%
Reggio Calabria
79.8%
Asti
78.9%
Latina
78.9%
La Spezia
78%
Bergamo
78%
Verona
78%
Messina
78%
Alessandria
77.1%
Como
77.1%
Siena
77.1%
Catania
77.1%
Mantova
76.1%
Padova
76.1%
Salerno
76.1%
Siracusa
76.1%
% Correct
Cuneo
75.2%
Modena
75.2%
Reggio Emilia
75.2%
Foggia
75.2%
Parma
74.3%
Trapani
74.3%
Cremona
72.5%
Viterbo
72.5%
Potenza
72.5%
Catanzaro
72.5%
Cosenza
72.5%
Agrigento
72.5%
Treviso
71.6%
Prato
71.6%
Ancona
71.6%
Rieti
71.6%
Campobasso
71.6%
Benevento
71.6%
Ragusa
71.6%
Sassari
71.6%
Lodi
70.6%
Lucca
70.6%
Imperia
69.7%
Piacenza
69.7%
Ravenna
69.7%
Enna
69.7%
Pavia
69.7%
Vercelli
68.8%
Gorizia
68.8%
Massa Carrara
68.8%
Caserta
68.8%
Matera
68.8%
Crotone
68.8%
Sondrio
68.8%
Savona
67.9%
Lecco
67.9%
Vicenza
67.9%
% Correct
Ferrara
67.9%
Grosseto
67.9%
Perugia
67.9%
Chieti
67.9%
Avellino
67.9%
Varese
67.9%
Pescara
67%
Brindisi
67%
Pordenone
66.1%
Isernia
66.1%
Taranto
66.1%
Biella
65.1%
Novara
65.1%
Arezzo
65.1%
Monza e Brianza
64.2%
Belluno
64.2%
Terni
64.2%
Ascoli Piceno
64.2%
Frosinone
64.2%
Pistoia
63.3%
Macerata
63.3%
Vibo Valentia
63.3%
Barletta Andria Trani
62.4%
Nuoro
62.4%
Pesaro Urbino
61.5%
Rovigo
60.6%
Caltanissetta
60.6%
Oristano
58.7%
Teramo
55%
Olbia Tempio
55%
Fermo
54.1%
Carbonia Iglesias
53.2%
Ogliastra
53.2%
Forlì Cesena
47.7%
Medio Campidano
46.8%
Verbania-Cusio-Ossola
44%
Remove Ads.
Support Sporcle.
Get the best of Sporcle when you Go Orange. This ad-free experience offers more features, more stats, and more fun while also helping to support Sporcle. Thank you for becoming a member.

You're not logged in!

Compare scores with friends on all Sporcle quizzes.
OR
Log In

Show Comments

Extras

Created Jul 14, 2012ReportNominate
Tags:Italian Quiz, map, Province

Top Quizzes Today


Score Distribution

Your Account Isn't Verified!

In order to create a playlist on Sporcle, you need to verify the email address you used during registration. Go to your Sporcle Settings to finish the process.

Report this User

Report this user for behavior that violates our Community Guidelines.

Details: